Marketing de los servicios / (Record no. 195507)

MARC details
000 -LEADER
campo de control de longitud fija 01623nam a2200385 i 4500
001 - NÚMERO DE CONTROL
campo de control 195507
003 - IDENTIFICADOR DE NÚMERO DE CONTROL
campo de control SpMaBN
005 - FECHA Y HORA DE LA ÚLTIMA TRANSACCIÓN
campo de control 20250710063357.0
008 - DATOS DE LONGITUD FIJA--INFORMACIÓN GENERAL
campo de control de longitud fija 240619s2000 sp | ||| ||spa
016 7# - NÚMERO DE CONTROL DE UNA AGENCIA BIBLIOGRÁFICA NACIONAL
Número de control del registro bimoBNE20010379504
Fuente SpMaBN
017 ## - NÚMERO DE COPYRIGHT O DE DEPÓSITO LEGAL
Número de copyright o de depósito legal M 18811-2000
Agencia que asigna Oficina Depósito Legal Madrid
020 ## - NÚMERO INTERNACIONAL ESTÁNDAR DEL LIBRO
Número Internacional Estándar del Libro 8473562348
035 ## - NÚMERO DE CONTROL DEL SISTEMA
Número de control de sistema (OCoLC)45463986
040 ## - FUENTE DE CATALOGACIÓN
Centro catalogador/agencia de origen SpMaBN
Lengua de catalogación spa
Centro/agencia transcriptor SpMaBN
Normas de descripción rdc
Centro/agencia modificador ES-MaACL
080 ## - NÚMERO DE LA CLASIFICACIÓN DECIMAL UNIVERSAL
Número de la Clasificación Decimal Universal 338.46:658.8
100 ## - ENTRADA PRINCIPAL--NOMBRE DE PERSONA
Nombre de persona Grande Esteban, Ildefonso,
Fechas asociadas al nombre 1954-
Número de control del registro de autoridad o número normalizado XX952925
Término indicativo de función/relación Autor
9 (RLIN) 237100
240 10 - TÍTULO UNIFORME
Título uniforme Marketing de los servicios
245 10 - MENCIÓN DEL TÍTULO
Título Marketing de los servicios /
Mención de responsabilidad, etc. Ildefonso Grande Esteban
250 ## - MENCION DE EDICION
Mención de edición 3ª edición revisada
260 ## - PUBLICACIÓN, DISTRIBUCIÓN, ETC.
Lugar de publicación, distribución, etc. Pozuelo de Alarcón (Madrid) :
Nombre del editor, distribuidor, etc. ESIC,
Fecha de publicación, distribución, etc. 2000.
300 ## - DESCRIPCIÓN FÍSICA
Extensión 361 páginas ;
Dimensiones 24 cm
336 ## - TIPO DE CONTENIDO
Fuente rdacontent
Término de tipo de contenido texto
337 ## - TIPO DE MEDIO
Fuente rdamedia
Nombre/término del tipo de medio sin mediación
338 ## - TIPO DE SOPORTE
Fuente rdacarrier
Nombre/término del tipo de soporte volumen
504 ## - NOTA DE BIBLIOGRAFÍA, ETC.
Nota de bibliografía, etc. Bibliografía: páginas [353]-361
520 ## - RESUMEN, ETC.
Sumario, etc. Este manual trata las causas económicas que explican el crecimiento de los servicios, la implantación del marketing en las empresas que los proporcionan y los elementos claves para desarrollar una planificación estratégica.
650 #0 - PUNTO DE ACCESO ADICIONAL DE MATERIA--TÉRMINO DE MATERIA
Término de materia o nombre geográfico como elemento de entrada Sector servicios-
Subdivisión general Marketing
Fuente del encabezamiento o término embne
9 (RLIN) 237118
852 ## - LOCALIZACIÓN
Ubicación ES-MaACL
Ubicación en estantería Depósito J
Número de control de estantería N-10027
Encuadernación Encuadernación rústica
Donativo/Legado Donación: Helena de la Joya
itemnumber 206174
903 ## - NOMBRE PERSONAL DE DONANTE
a Joya, Helena de la
e Donante
942 ## - ELEMENTOS DE ENTRADA SECUNDARIOS (KOHA)
Tipo de ítem Koha Libro impreso
Suprimir en OPAC No
Holdings
Estatus retirado Estado de pérdida Fuente del sistema de clasificación o colocación Estado de daño No para préstamo Biblioteca de origen Biblioteca actual Ubicación en estantería Fecha de adquisición Fuente de adquisición Total de préstamos Signatura topográfica completa Código de barras Visto por última vez Precio de reemplazo Tipo de ítem Koha
    Clasificación decimal universal     Biblioteca del Ateneo de Madrid Biblioteca del Ateneo de Madrid Depósito J 08/07/2025 Donación   N-10027 2025-0565 08/07/2025 08/07/2025 Libro impreso